[Event "ESP-chT Div Honor 2018"]
[Site "Linares"]
[Date "2018.08.11"]
[Round "6"]
[White "Matnadze, Ana"]
[Black "Suarez Garcia, Carlos"]
[Result "0-1"]
[WhiteElo "2378"]
[BlackElo "2468"]
[Annotator "TA"]
[PlyCount "102"]
[EventDate "2018.08.06"]
[EventType "team-tourn"]
[EventCountry "ESP"]
[SourceTitle "playchess.com"]
[Source "ChessBase"]
[SourceQuality "1"]

{[%evp 22,102,0,-8,4,0,0,1,1,1,1,-43,-18,-18,-18,-18,-22,-20,-20,-20,-20,-18,-19,-29,-16,-15,-15,-68,-66,-328,-349,-348,-334,-300,-300,-293,-266,-287,-296,-287,-292,-279,-289,-292,-283,-647,-1044,-994,-283,-959,-949,-989,-987,-962,-812,-776,-696,-601,-578,-1153,-1176,-1952,-1653,-2101,-1888,-6154,-3822,-5640,-5632,-5708,-6115,-29976,-29977,-29982,-29979,-29979,-29980,-29985,-29986,-29986,-29987,-29987,-29988]} 1. d4 d5 2. Nf3 c6 3. g3 Nf6 4. Bg2 Bf5 5. O-O h6 6. c4 e6 7. Nc3 Nbd7 8. Nd2 Be7 {D11: Slav Defence: 3 Nf3 sidelines and 3...Nf6 4 e3 Bg4} 9. Qb3 Qb6 10. e4 dxe4 11. Ndxe4 Nxe4 (11... O-O 12. Bf4 Nxe4 13. Nxe4 Bxe4 14. Bxe4 Qxd4 15. Rad1 Qxe4 16. Rxd7 Bc5 17. Qc3 Rad8 18. Rfd1 Qe2 19. Qd2 Bxf2+ 20. Kg2 Qxd2 21. R1xd2 {0-1 (38) Vocaturo,D (2620)-Najer,E (2683) Batumi 2018}) 12. Nxe4 {LiveBook: 4 Games} Nf6 13. Nxf6+ $146 ({Predecessor:} 13. Nc5 O-O-O 14. Qxb6 axb6 15. Na4 b5 16. cxb5 cxb5 {0-1 (49) Anurag,M (2222)-Grover,S (2515) Visakhapatnam 2011}) 13... Bxf6 14. d5 cxd5 15. cxd5 O-O 16. Qf3 (16. Be3 {keeps more tension.} Qxb3 17. axb3 Rfd8 18. dxe6 Bxe6 19. Bxb7 Rab8 20. Rxa7 Rd7 21. Be4) 16... Bxb2 (16... Rad8 {is interesting.} 17. dxe6 Qxe6 18. Be3 Bxb2 19. Rae1 Bd3) 17. Bxb2 Qxb2 18. dxe6 fxe6 19. Qxb7 Qxb7 20. Bxb7 Rab8 21. Bc6 Rb2 22. Rfe1 Bh3 23. f4 Rd8 24. Re5 ({White should try} 24. Reb1 $11 Rbd2 25. a4) 24... Rdd2 $36 {[%mdl 2048] Strongly threatening ...Bg2. White is under pressure.} 25. Ra5 $2 {[%mdl 8192]} (25. Rb5 $1 $15) 25... Bg2 $19 ({Not} 25... Rxh2 26. Rxa7 Rhc2 27. Rb7 $17) 26. Bxg2 Rxg2+ {[%mdl 4096] Endgame KRR-KRR} 27. Kh1 Rxh2+ 28. Kg1 Rbg2+ 29. Kf1 Rc2 {[%cal Rh2h1] [#]} ({Much less strong is} 29... Rxg3 30. Re1 $19) 30. Kg1 Rhg2+ 31. Kh1 Rxg3 32. Rxa7 Rg4 {( -> ...Rc5)} 33. a4 $2 (33. Rf1) 33... Rc5 {[%cal Rc5h5] [#]} 34. Ra2 Rh5+ 35. Rh2 Rxh2+ 36. Kxh2 Rxf4 {KR-KR} 37. Kg3 Rb4 38. Kf3 Kh7 39. Ke3 h5 40. Kd3 h4 41. Ke3 Kh6 42. Kf3 Rb3+ 43. Kg2 Ra3 44. a5 g5 45. a6 Kh5 46. Ra8 Kg4 {Black mates.} 47. a7 Ra2+ 48. Kf1 h3 {[%cal Bh4h3,Bh3h2][%mdl 32]} 49. Re8 Rxa7 50. Rxe6 Ra1+ 51. Kf2 h2 {Precision: White = 35%, Black = 80%.} 0-1

[Event "ESP-chT Div Honor 2018"]
[Site "Linares"]
[Date "2018.08.11"]
[Round "6"]
[White "Alshameary Puente, Ismael"]
[Black "Lopez Martinez, Josep Manuel"]
[Result "0-1"]
[WhiteElo "2343"]
[BlackElo "2585"]
[Annotator "TA"]
[PlyCount "106"]
[EventDate "2018.08.06"]
[EventType "team-tourn"]
[EventCountry "ESP"]
[SourceTitle "playchess.com"]
[Source "ChessBase"]
[SourceQuality "1"]

{[%evp 17,106,3,10,-8,-8,-9,-3,-10,-9,-9,-9,-14,-10,-16,-14,-12,-5,-7,13,9,11,11,12,1,9,6,6,7,15,14,14,0,37,38,47,40,35,38,33,26,52,58,85,60,70,16,9,0,0,0,0,0,0,-7,0,0,70,0,0,-16,43,0,0,0,0,0,21,14,104,0,0,-38,-27,-51,-47,-50,-50,-49,-43,-46,-49,-173,-170,-224,-210,-372,-367,-500,-482,-1310,-1294]} 1. d4 e6 2. c4 Nf6 3. Nc3 Bb4 4. e3 O-O 5. Nge2 d5 6. a3 Bd6 7. c5 Be7 8. Ng3 {E46: Nimzoindisch (Rubinstein-System)} (8. b4 c6 9. Nf4 Nbd7 10. Nd3 b6 11. Be2 a5 12. Bb2 axb4 13. axb4 Ba6 14. O-O Bc4 15. Qc2 Qc7 16. f4 {0-1 (51) Caruana,F (2816)-Anand,V (2759) Leuven 2018}) 8... c6 9. b4 b6 {LiveBook: 17 Partien} 10. Bd3 {Die Stellung ist ausgeglichen.} a5 {Weiss sollte ...axb4 verhindern.} 11. Bd2 Ba6 12. Bxa6 Rxa6 13. O-O Nbd7 14. Qc2 Qa8 {[#] zielt auf ...axb4 ab.} 15. Rab1 axb4 16. axb4 bxc5 $146 17. bxc5 e5 18. Nf5 Re8 19. Nxe7+ Rxe7 20. h3 h6 21. Rb4 Re8 22. Rfb1 exd4 23. exd4 Nf8 24. Qf5 N6d7 25. Qg4 Re6 26. Be3 Ra1 27. Qd1 Rxb1 28. Qxb1 Qe8 29. Ne2 h5 30. Rb7 h4 31. Qf5 (31. Kh1 $14) 31... Re4 $11 32. Kh1 Qc8 33. Ra7 g6 34. Qf3 Qb8 35. Ra1 Qb2 36. Ra8 Qb1+ (36... Qb7 $1 $11 37. Rd8 Qc7) 37. Kh2 (37. Ng1 $1 $14) 37... Qb7 38. Ra1 Re8 (38... Ne6 $11) 39. Qf4 Qb2 $36 {[%mdl 2048] Schwarz steht aktiver.} 40. Re1 Re4 41. Qh6 Qb8+ 42. Kh1 Qd8 (42... Nf6 $11) 43. Nc3 (43. Rc1 $16) 43... Re8 $1 44. Qf4 (44. Ra1 {with more complications.} Ne6 45. Ra6 Qc8 46. Ra7 Ndf8 47. Qxh4 Qb8 48. Ra6) 44... Ne6 {[%cal Bf8e6,Be6g7,Bg7f5][%mdl 32]} 45. Qg4 Ng7 46. Ra1 Nf5 47. Bg5 Qb8 {Und ...Db2 würde nun gewinnen.} 48. Rb1 Qa8 49. Bd2 (49. Qd1 $15) 49... Qa6 $19 50. Qf4 (50. Rc1 $142) 50... Qd3 51. Rb7 $2 {[#]} (51. Kh2 {ist wohl besser.}) 51... Nf8 $1 {[%cal Rf8e6] Droht stark ...Se6.} 52. Qg5 ({Jedoch nicht} 52. Qc7 $2 Re7 $19) 52... Qxd4 {Und weiter mit ...Se6 wäre nett.} 53. Nd1 (53. Qf4 $142 Qxf4 54. Bxf4) 53... Ne6 {Precision: Weiß = 40%, Schwarz = 58%.} 0-1

[Event "ESP-chT Div Honor 2018"]
[Site "Linares"]
[Date "2018.08.11"]
[Round "6"]
[White "Gines Esteo, Pedro Antonio"]
[Black "Ubilava, Elizbar"]
[Result "0-1"]
[WhiteElo "2336"]
[BlackElo "2485"]
[Annotator "TA"]
[PlyCount "86"]
[EventDate "2018.08.06"]
[EventType "team-tourn"]
[EventCountry "ESP"]
[SourceTitle "playchess.com"]
[Source "ChessBase"]
[SourceQuality "1"]

{[%evp 21,86,37,35,29,32,34,55,14,35,33,57,0,0,0,13,3,23,17,45,33,49,45,53,52,73,70,83,83,81,27,35,0,38,0,18,0,0,0,0,0,0,0,0,-1,0,0,7,0,0,-82,-60,-512,-427,-29991,-29983,-29992,-29978,-5747,-5581,-29991,-29992,-29996,-29997,-29997,-29998,-29998,-29999]} 1. d4 Nf6 2. c4 d6 3. Nc3 e5 4. Nf3 Nbd7 5. Bg5 Be7 6. e3 c6 7. Qc2 h6 8. Bh4 Nh5 9. Bxe7 {A54: Altindisch} (9. Bg3 exd4 10. Nxd4 Nxg3 11. hxg3 g6 12. Be2 Qa5 13. a3 Nf6 14. b4 Qc7 15. Rd1 a6 16. Qb2 h5 {0-1 (29) Belozerov,A (2506)-Khismatullin,D (2639) Vladivostok 2012}) 9... Qxe7 10. Be2 Nhf6 11. O-O O-O {LiveBook: 8 Partien} 12. Rfd1 Re8 13. b4 Nf8 $146 ({Vorgänger:} 13... e4 14. Nd2 Nf8 15. d5 cxd5 16. Nxd5 Nxd5 17. cxd5 {1-0 (48) Peist,J (2255)-Moors,H (2275) Germany 1990}) 14. Na4 e4 15. Nd2 h5 16. Nf1 (16. Nc3 $14) 16... h4 $11 17. h3 $1 Bf5 18. c5 d5 19. Rdb1 g5 20. Nh2 Qd7 21. Qd1 Kg7 22. b5 Rac8 23. Rb2 Ng6 24. Rab1 Be6 25. bxc6 (25. Nc3 $16) 25... bxc6 26. Rb7 Rc7 27. Qb3 (27. Ba6 {keeps more tension.} Qd8 28. R7b3 Nd7 29. Qe1 Ne7 30. Nc3) 27... Rec8 28. Rxc7 Rxc7 29. Qb8 Rc8 30. Qb7 Rc7 31. Qb8 Qc8 32. Nf1 g4 $36 {[%mdl 2048] Schwarz drückt.} 33. hxg4 Nxg4 34. Nd2 Qd7 35. Ba6 {[#]} (35. Nc3 $11) 35... Qe7 $1 $17 36. Rb7 $2 {[%mdl 8192]} ({Besser ist} 36. Nc3 $15) 36... Qf6 37. Qxc7 (37. Nxe4 $19 Rxb7 {[#]} 38. Qg8+ $1 {[%mdl 512]} Kxg8 39. Nxf6+ Nxf6 40. Bxb7) 37... Qxf2+ 38. Kh1 Qxd2 39. Rb1 Qxe3 {( -> ...h3)} 40. Rf1 h3 {Schwarz setzt Matt.} 41. Bc8 hxg2+ 42. Kxg2 Nh4+ 43. Kh1 Qh3+ {Precision: Weiß = 35%, Schwarz = 50%.} 0-1

[Event "ESP-chT Div Honor 2018"]
[Site "Linares"]
[Date "2018.08.11"]
[Round "6"]
[White "Collazo Hidalgo Gato, Niala"]
[Black "Paehtz, Elisabeth"]
[Result "0-1"]
[WhiteElo "2199"]
[BlackElo "2500"]
[Annotator "TA"]
[PlyCount "72"]
[EventDate "2018.08.06"]
[EventType "team-tourn"]
[EventCountry "ESP"]
[SourceTitle "playchess.com"]
[Source "ChessBase"]
[SourceQuality "1"]

{[%evp 35,72,33,75,29,51,58,96,0,0,0,0,0,0,-215,-198,-201,-202,-203,-97,-382,-382,-377,-354,-511,-513,-545,-547,-618,-589,-589,-600,-862,-856,-946,-913,-2582,-2490,-29981,-29982]} 1. e4 e5 2. Nf3 Nc6 3. Bb5 a6 4. Ba4 Nf6 5. O-O Be7 6. Re1 b5 7. Bb3 d6 8. c3 O-O 9. h3 Bb7 10. d4 Nd7 11. a4 Bf6 12. d5 Ne7 13. axb5 axb5 14. Rxa8 Bxa8 15. Na3 Nc5 {C92: Closed Ruy Lopez: 9...Be6, Karpov and Flohr-Zaitsev Variations} (15... Qb8 16. Nxb5 {1-0 (16) Pichot,A (2504)-Granda Zuniga,J (2650) Montevideo 2015}) 16. Bc2 c6 17. b4 Na6 18. dxc6 Bxc6 {LiveBook: 4 Games} 19. Qe2 Qb6 $146 ({Predecessor:} 19... Qb8 20. Bd3 Nc7 21. c4 bxc4 22. Nxc4 Rd8 23. Bd2 {0-1 (58) Colmenares,A (2356)-Roselli Mailhe,B (2409) Lugano 2015}) 20. Rd1 Rd8 21. Bg5 ({White should play} 21. Bb3 $16) 21... Bxg5 $11 22. Nxg5 h6 23. Nxf7 Kxf7 24. Bb3+ $2 (24. c4 $1 $11) 24... Kg6 $1 $19 ({And not} 24... d5 25. Qf3+ (25. exd5 Bxd5 26. Qf3+ Ke6 $11) 25... Ke6 26. Nc2 $16) 25. c4 bxc4 26. Nxc4 Qxb4 {[#]} (26... Qb8 $19 {and Black stays clearly on top.} 27. Nxe5+ dxe5 28. Rxd8 Qxd8 29. Qxa6 Kh7) 27. Qf3 $2 {[%mdl 8192]} (27. Nxe5+ $1 $17 {[%mdl 512]} dxe5 28. Rxd8 Qxb3 29. Qxa6 Qb1+ 30. Qf1 Qxe4 31. Qd3) 27... Kh7 28. Ba2 Ng6 {[%cal Be7g6,Bg6f4,Bf4d3][%mdl 32]} 29. Rb1 {[#]} (29. Kh2 $142) 29... Qc5 $1 30. Ne3 Rf8 31. Bf7 {And now Bxg6+ would win.} Nf4 32. Bc4 Nc7 33. Qg4 Bxe4 34. Rc1 d5 35. g3 Nd3 36. Rf1 Nxf2 {Precision: White = 23%, Black = 57%.} 0-1

[Event "ESP-chT Div Honor 2018"]
[Site "Linares"]
[Date "2018.08.12"]
[Round "7"]
[White "Vidit, Santosh Gujrathi"]
[Black "Meier, Georg"]
[Result "1-0"]
[WhiteElo "2715"]
[BlackElo "2638"]
[Annotator "TA"]
[PlyCount "67"]
[EventDate "2018.08.06"]
[EventType "team-tourn"]
[EventCountry "ESP"]
[SourceTitle "playchess.com"]
[Source "ChessBase"]
[SourceQuality "1"]

{[%evp 16,67,14,-19,8,0,0,0,0,0,-1,3,22,0,0,0,-2,-33,-25,-27,-19,-18,-20,-26,-18,-72,266,212,112,-25,-25,-24,-31,-41,-38,-64,-27,-19,-22,-20,-18,-77,-77,-85,-75,-82,8,8,867,838,849,838,672,447]} 1. c4 e6 2. Nc3 d5 3. d4 Nf6 4. cxd5 Nxd5 5. e4 Nxc3 6. bxc3 c5 7. Rb1 Be7 {D35: Queen's Gambit Declined: Exchange Variation} 8. Nf3 O-O 9. h4 {LiveBook: 3 Games} Nc6 $146 {The position is equal.} ({Predecessor:} 9... cxd4 10. cxd4 Nc6 11. h5 f5 12. exf5 Qa5+ 13. Bd2 Qxf5 14. Bc3 h6 15. Bd3 {1-0 (41) Karjakin,S (2763)-Kramnik,V (2800) Berlin 2018}) 10. h5 h6 11. Bb5 Qc7 12. Rh3 Rd8 13. Rg3 Kh8 14. Be3 Bd6 15. e5 Bf8 $1 16. Bxc6 {aiming for Be4.} bxc6 17. Nd2 {Black must now prevent Qg4.} cxd4 18. cxd4 c5 19. Rc1 Qa5 20. Bxh6 (20. dxc5 $11 Ba6 21. Rg4) 20... cxd4 $2 {[%mdl 8192]} ({Stronger than} 20... gxh6 21. Qf3 $16) (20... Ba6 $1 $17 {keeps the pressure on.} 21. Qg4 (21. Rxc5 Qb4 $17) 21... Rxd4 22. Bxg7+ Kh7) 21. f4 $1 $18 Kh7 22. Bg5 (22. Bxg7 $1 $16 Bxg7 23. h6 $1 {[%mdl 512]} Bxe5 24. Qh5) 22... Rd7 $1 $11 23. Qc2+ d3 $1 {[%cal Rd3c2]} 24. Rxd3 Kg8 25. h6 {Threatens to win with hxg7.} gxh6 26. Bf6 {Rg3+ would kill now.} Rxd3 27. Qxd3 {Hoping for Rc3.} Ba6 28. Qe3 (28. Qb3 $11 {remains equal.}) 28... Rb8 $17 29. f5 {And now fxe6 would win.} Rb2 ({But not} 29... exf5 $6 30. Qg3+ Kh7 31. Qf3 $11) 30. Rc3 {[#] fxe6 is the strong threat.} Qxa2 (30... Qb6 $1 $17 31. Qxb6 axb6) 31. fxe6 $1 $11 {Strongly threatening e7.} Qxe6 $2 {[%mdl 8192]} (31... Rxd2 $11 32. Qxd2 Qxd2+ 33. Kxd2 Bb4) 32. Qe4 $18 {Threatening mate with Rg3+.White is clearly winning.} Bd6 33. Rg3+ Kf8 34. Bg7+ {Precision: White = 47%, Black = 54%.} 1-0

[Event "ESP-chT Div Honor 2018"]
[Site "Linares"]
[Date "2018.08.12"]
[Round "7"]
[White "Leko, Peter"]
[Black "Harikrishna, P."]
[Result "1-0"]
[WhiteElo "2691"]
[BlackElo "2739"]
[Annotator "TA"]
[PlyCount "120"]
[EventDate "2018.08.06"]
[EventType "team-tourn"]
[EventCountry "ESP"]
[SourceTitle "playchess.com"]
[Source "ChessBase"]
[SourceQuality "1"]

{[%evp 19,120,25,31,26,26,26,26,26,27,24,18,19,26,29,20,1,9,10,34,37,34,39,41,7,7,2,2,2,6,2,39,29,29,16,73,73,81,80,80,81,125,125,125,73,73,73,73,73,73,73,73,73,73,73,73,73,73,73,73,73,73,73,73,73,73,73,73,73,73,73,73,73,73,73,73,0,73,73,73,73,73,0,48,0,0,0,0,0,0,0,0,0,0,0,0,0,0,0,0,0,52,0,0]} 1. e4 e5 2. Nf3 Nc6 3. Bb5 Nf6 4. d3 Bc5 5. c3 O-O 6. O-O {C65: Ruy Lopez: Berlin Defence (3...Nf6), unusual lines and 4 0-0 Bc5} d5 7. Nbd2 dxe4 8. dxe4 a5 9. Bxc6 bxc6 10. Nxe5 Re8 {LiveBook: 5 Games} 11. Nb3 {[#] Hoping for Qxd8.} Qxd1 12. Rxd1 Bb6 13. Nc4 Nxe4 14. Nxb6 cxb6 {[#]} 15. f3 $146 Nf6 16. Bg5 c5 17. Bxf6 gxf6 18. Rd6 Be6 19. Rxb6 Bxb3 20. axb3 $14 {[%mdl 4096] Endgame KRR-KRR} Re2 21. Rb5 Rd8 $1 22. Rbxa5 Rdd2 $1 23. Kh1 ({Don't play} 23. Rxc5 Rxg2+ 24. Kh1 Rxh2+ 25. Kg1 h5 $17) 23... Rxb2 24. Rxc5 {Black should prevent b4.} Rxb3 25. h3 Rc2 $1 26. Rc4 f5 (26... Rbxc3 $11 27. Rg4+ Kf8) 27. Rc5 Rbxc3 28. Rxf5 Rc5 29. Ra5 Rxf5 30. Rxf5 $16 {KR-KR} h6 31. Kh2 (31. h4 $142) 31... Kg7 32. h4 Kg6 33. Ra5 h5 34. Rg5+ Kh6 35. Kh3 Rc3 36. Kg3 f6 37. Rf5 (37. Rb5 {with more complications.} Kg6 38. Rb8 Rc4 39. Rg8+ Kf7 40. Rd8) 37... Kg6 38. Rf4 Ra3 39. Kh3 Rb3 40. Ra4 Rc3 41. Kg3 Rc2 42. Ra1 Rb2 43. Rf1 Ra2 44. Rf2 Ra4 45. Re2 Rb4 46. Kh3 Rb3 47. Kg3 Rb4 $1 48. Re3 Ra4 49. Kh3 Ra1 50. g4 ({White should try} 50. Re4 $16) 50... hxg4+ 51. fxg4 f5 52. Re6+ Kf7 53. gxf5 Rf1 54. Kg4 Rg1+ 55. Kh5 Rf1 56. Kg5 {Threatens to win with Re4.} Rg1+ 57. Kh6 Rf1 58. Re5 Kf6 59. Rd5 (59. Re8 $11) 59... Rxf5 $14 60. Rxf5+ ({White should play} 60. Rd6+ $1 $14 Kf7 61. Rg6) 60... Kxf5 {[%mdl 32768] Precision: White = 63%, Black = 74%. . Sensor Board Error (Ke4/e5)?} 1-0

[Event "ESP-chT Div Honor 2018"]
[Site "Linares"]
[Date "2018.08.12"]
[Round "7"]
[White "Saric, Ivan"]
[Black "Volkov, Sergey"]
[Result "1-0"]
[WhiteElo "2690"]
[BlackElo "2557"]
[Annotator "TA"]
[PlyCount "71"]
[EventDate "2018.08.06"]
[EventType "team-tourn"]
[EventCountry "ESP"]
[SourceTitle "playchess.com"]
[Source "ChessBase"]
[SourceQuality "1"]

{[%evp 19,71,18,29,30,72,68,140,116,108,106,170,167,177,186,159,187,194,189,237,237,451,469,597,403,1047,475,464,464,457,447,442,440,764,741,1289,1303,951,1210,1296,1317,1288,1250,1205,1197,3287,3117,2793,3096,29979,29980,29980,29981,29988,29989]} 1. e4 e6 2. d4 d5 3. Nc3 Nf6 4. Bg5 dxe4 5. Nxe4 Nbd7 6. Nf3 Be7 7. Nxf6+ Bxf6 8. h4 O-O {C13: French: Classical System: 4 Bg5 Be7, Alekhine-Chatard Attack} 9. Qe2 c5 10. O-O-O cxd4 {LiveBook: 3 Games. The position is equal.} 11. Qe4 Re8 $146 ({Predecessor:} 11... e5 12. Bd3 g6 13. Rhe1 Re8 14. Qd5 Re6 15. Bb5 Qc7 16. Qc4 {½-½ (41) Berg,E (2575)-Meier,G (2654) Reykjavik 2015}) 12. Rxd4 {And now Bd3 would win.} Qe7 (12... Qa5 $14) 13. Bd3 Nf8 14. Ne5 Rd8 (14... Bxg5+ $16 15. hxg5 Qxg5+ 16. f4 Qe7) 15. Rxd8 $18 Qxd8 16. Bxf6 $1 Qxf6 {[#]} 17. g4 $1 {[%cal Bg2g4,Bg4g5][%mdl 32]} Qd8 {[#]} 18. g5 $1 Qd5 19. Rd1 Qxa2 $2 (19... Qxe4 20. Bxe4 f6) 20. Qb4 ({Not} 20. Qf4 Qa1+ 21. Kd2 Qa5+ 22. c3 Qc7 $16) 20... Nd7 21. Bc4 Qa1+ 22. Kd2 Qxd1+ 23. Kxd1 {White wants to mate with Qe7.} Nxe5 24. Qd6 {[%cal Rd6d8]} Nc6 25. Bb5 g6 (25... Bd7 $142 26. Qxd7 Rd8 27. Bxc6 Rxd7+ 28. Bxd7 Kf8) 26. Kc1 a6 27. Bxc6 bxc6 28. Qxc6 {[%mdl 4096] Endgame KQ-KRB} Rb8 29. Qc7 Ra8 30. b4 Kg7 31. c4 {[%cal Bc2c4,Bc4c5,Bc5c6,Bc6c7][%mdl 32]} Kg8 32. c5 Kg7 33. c6 Kg8 34. Qd8+ {White mates.} Kg7 35. c7 e5 36. Qd5 {Precision: White = 98%, Black = 39%.} 1-0

[Event "ESP-chT Div Honor 2018"]
[Site "Linares"]
[Date "2018.08.12"]
[Round "7"]
[White "Ponomariov, Ruslan"]
[Black "Antipov, Mikhail Al"]
[Result "1/2-1/2"]
[WhiteElo "2686"]
[BlackElo "2598"]
[Annotator "TA"]
[PlyCount "49"]
[EventDate "2018.08.06"]
[EventType "team-tourn"]
[EventCountry "ESP"]
[SourceTitle "playchess.com"]
[Source "ChessBase"]
[SourceQuality "1"]

{[%evp 14,49,17,21,38,5,22,18,16,0,7,22,33,22,57,49,48,-1,0,-20,-29,-47,32,0,82,82,77,55,62,67,59,14,110,0,64,0,122,0]} 1. d4 Nf6 2. c4 c6 3. Nc3 d5 4. Nf3 a6 5. e3 Bf5 6. Qb3 Ra7 {D15: Slav Defence: 4 Nc3 a6 and gambit lines after 4 Nc3 dxc4} (6... b5 7. c5 a5 8. Be2 g6 9. O-O Bg7 10. Bd2 O-O 11. a3 Nbd7 12. Rfc1 Ne4 13. Qd1 Nxd2 14. Qxd2 {½-½ (56) Mamedyarov,S (2799)-Andreikin,D (2712) Huaian 2017}) 7. Nh4 Bc8 8. Qc2 {LiveBook: 6 Games} b5 {The position is equal.} 9. b3 e5 10. dxe5 Ne4 $1 {[%cal Re4c3]} 11. Nxe4 dxe4 12. Qxe4 {Bd2 is the strong threat.} Bb4+ 13. Ke2 {[#]} O-O $146 {aiming for ...f5.} ({Predecessor:} 13... Be6 14. g3 {½-½ (32) Iotov,V (2572)-Velilla Velasco,F (2557) ICCF email 2015}) 14. g3 Qa5 {Strongly threatening ...Bc3.} 15. a3 Bc3 16. Ra2 bxc4 17. bxc4 ({Avoid the trap} 17. Qxc4 $2 Be6 $19) 17... Rd8 ({Black should play} 17... Nd7 $15) 18. f4 Bg4+ {[#]} (18... Nd7 $1 $11 19. Qc2 Nc5) 19. Nf3 $1 $16 g6 20. Qc2 Rad7 {With the idea ...Rd2+!} ({Much weaker is} 20... Be1 $6 {[#]} 21. Bh3 $1 $16 {[%mdl 512]}) 21. Kf2 Rd1 22. Bg2 R1d3 (22... Rxh1 $11 {keeps the balance.} 23. Bxh1 Bf5) 23. Bf1 Rd1 24. Bg2 (24. Rg1 $14) 24... R1d3 25. Bf1 {Precision: White = 51%, Black = 58%.} ({White should try} 25. Rg1 $16) 1/2-1/2

[Event "ESP-chT Div Honor 2018"]
[Site "Linares"]
[Date "2018.08.12"]
[Round "7"]
[White "Rodshtein, Maxim"]
[Black "Baklan, Vladimir"]
[Result "1/2-1/2"]
[WhiteElo "2678"]
[BlackElo "2596"]
[Annotator "TA"]
[PlyCount "52"]
[EventDate "2018.08.06"]
[EventType "team-tourn"]
[EventCountry "ESP"]
[SourceTitle "playchess.com"]
[Source "ChessBase"]
[SourceQuality "1"]

{[%evp 21,52,25,25,31,30,27,20,27,25,20,33,24,59,70,93,81,83,0,0,0,0,0,0,0,0,0,0,0,0,0,0,0,51]} 1. d4 Nf6 2. c4 e6 3. Nf3 b6 4. g3 Bb7 5. Bg2 Bb4+ 6. Bd2 Bxd2+ 7. Qxd2 O-O 8. Nc3 Ne4 9. Qd3 f5 10. O-O Nxc3 11. Qxc3 d6 {LiveBook: 4 Games. E16: Queen's Indian: 4 g3 Bb7 5 Bg2 Bb4+} 12. c5 (12. d5 e5 13. Nd2 Nd7 14. b4 a5 15. a3 Nf6 16. Qc2 g6 17. Rab1 axb4 18. axb4 Qd7 19. Ra1 Rxa1 20. Rxa1 {½-½ (38) Fressinet,L (2700)-Tan,Z (2504) Gibraltar 2016}) 12... Bd5 13. cxd6 cxd6 {White has an edge.} 14. Nh4 {[%cal Bf3h4,Bh4g2,Bg2f4][%mdl 32]} Bxg2 15. Nxg2 $146 ({Predecessor:} 15. Kxg2 Nd7 16. Qb3 Qe7 17. Rac1 d5 18. Nf3 Rfc8 19. Qa4 Qd6 20. Rxc8+ Rxc8 21. Qxa7 Rc2 22. Rd1 Qc6 23. Rd2 Rc1 24. Qa3 h6 25. Qe7 Kh7 26. Rd3 {1-0 (26) Beltran Marin,J (2118)-Ramos Cortes,E (1894) ICCF email 2011}) 15... Nd7 16. Rac1 Re8 17. Qa3 Nf6 {[#]} 18. Rc6 $1 Rc8 {[#]} 19. Rxd6 ({White should play} 19. Rxc8 $1 $16 Qxc8 20. Qxa7) 19... Qe7 $11 {White must now prevent ...Ne4.The position is equal.} 20. Nf4 g5 21. Rxe6 Qxa3 22. bxa3 Kg7 23. Rxe8 Rxe8 24. Nd3 Rxe2 25. Rc1 Rxa2 26. Rc7+ Kg6 {Precision: White = 96%, Black = 79%.} ({Black should try} 26... Kg8 $11) 1/2-1/2

[Event "ESP-chT Div Honor 2018"]
[Site "Linares"]
[Date "2018.08.12"]
[Round "7"]
[White "Kuzubov, Yuriy"]
[Black "Vitiugov, Nikita"]
[Result "1/2-1/2"]
[WhiteElo "2647"]
[BlackElo "2730"]
[Annotator "TA"]
[PlyCount "45"]
[EventDate "2018.08.06"]
[EventType "team-tourn"]
[EventCountry "ESP"]
[SourceTitle "playchess.com"]
[Source "ChessBase"]
[SourceQuality "1"]

{[%evp 21,45,0,6,0,0,0,0,0,0,0,0,0,0,0,0,15,27,27,71,60,70,0,28,0,63,0]} 1. d4 Nf6 2. c4 e6 3. Nf3 d5 4. g3 Bb4+ 5. Bd2 Be7 6. Bg2 c6 7. Qc2 b6 {E11: Bogo-Indian} (7... O-O 8. O-O b6 9. Rd1 Nbd7 10. Bf4 Bb7 11. Ne5 Nh5 12. Bd2 Nhf6 13. cxd5 cxd5 14. Nc6 Bxc6 15. Qxc6 a6 16. a4 Rc8 17. Qb7 Nb8 18. Na3 Qc7 19. Qxc7 Rxc7 {½-½ (52) Cheparinov,I (2710)-Kuzubov,Y (2699) Riadh 2017}) 8. O-O Bb7 9. Rd1 Nbd7 10. Bf4 Rc8 11. Nc3 dxc4 {LiveBook: 5 Games} 12. Nd2 Nd5 13. Nxc4 Nxf4 14. gxf4 {[%cal Bg3f4,Bf4f5][%mdl 32]} O-O 15. Rac1 Qc7 16. e3 Rfd8 17. a3 $146 ({Predecessor:} 17. Kh1 Nf6 18. Ne5 c5 19. dxc5 Bxg2+ 20. Kxg2 Bxc5 {1-0 (53) Enkhbat,T (2415)-Shkapenko,P (2363) Dos Hermanas 2004}) 17... Nf8 18. Ne5 $36 {[%mdl 2048] White fights for an advantage.} Qb8 19. f5 Bf6 20. Ng4 Be7 21. Ne5 Bf6 22. Ng4 Be7 $1 23. Ne5 {Precision: White = 63%, Black = 76%.} (23. fxe6 $14 Nxe6 24. f4) 1/2-1/2